[Event "Women's Speed Chess Q5"]
[Site "chess.com INT"]
[Date "2020.06.22"]
[Round "13"]
[White "Luong, Phuong Hanh"]
[Black "Papp, Petra"]
[Result "0-1"]
[WhiteTitle "WIM"]
[BlackTitle "WGM"]
[WhiteElo "2230"]
[BlackElo "2338"]
[WhiteFideId "12401013"]
[BlackFideId "739049"]
[EventDate "2020.06.22"]

1. d4 Nf6 2. Nf3 g6 3. g3 Bg7 4. Bg2 O-O 5. O-O d6 6. a4 a5 7. Re1 d5 8. c3 c5
9. dxc5 Na6 10. Be3 Ng4 11. Bd4 e5 12. h3 exd4 13. hxg4 dxc3 14. Nxc3 Bxg4 15.
Nxd5 Nxc5 16. Rc1 Rc8 17. Rc4 h5 18. Qc2 Qxd5 19. Rd1 Qf5 20. e4 Nxe4 21. Qxe4
Rxc4 22. Qxc4 Bxf3 23. Bxf3 Qxf3 24. Rd3 Qc6 25. Qb3 Rc8 26. Kh2 b6 27. Rf3 Qe6
28. Qb5 h4 29. gxh4 Qe5+ 30. Qxe5 Bxe5+ 31. Kg2 Bxb2 32. Rb3 Bd4 33. Rd3 Rc4 0-1

[Event "Women's Speed Chess Q5"]
[Site "chess.com INT"]
[Date "2020.06.22"]
[Round "13"]
[White "Turova, Irina"]
[Black "Vijayalakshmi, Subbaraman"]
[Result "1-0"]
[WhiteTitle "IM"]
[BlackTitle "IM"]
[WhiteElo "2381"]
[BlackElo "2332"]
[WhiteFideId "4120876"]
[BlackFideId "5004098"]
[EventDate "2020.06.22"]

1. d4 Nf6 2. c4 e6 3. Nc3 Bb4 4. Qc2 O-O 5. a3 Bxc3+ 6. Qxc3 c5 7. dxc5 Ne4 8.
Qd4 f5 9. b4 a5 10. b5 Qe7 11. Bb2 Nxc5 12. Rd1 b6 13. Nf3 Bb7 14. e3 Rd8 15.
Be2 d6 16. O-O e5 17. Nxe5 Ne6 18. Qxb6 dxe5 19. Rxd8+ Nxd8 20. Rd1 Nf7 21. c5
Be4 22. c6 h6 23. f3 Bc2 24. Rc1 Bb3 25. c7 Nd7 26. c8=Q+ Rxc8 27. Rxc8+ Kh7 28.
Qxa5 Qg5 29. Qc3 Be6 30. Rc6 Nd8 31. Rc7 Nb6 32. Qxe5 Bf7 33. Qe7 Qh4 34. Qxh4 1-0

[Event "Women's Speed Chess Q5"]
[Site "chess.com INT"]
[Date "2020.06.22"]
[Round "13"]
[White "Arakhamia-Grant, Ketevan"]
[Black "Dzagnidze, Nana"]
[Result "0-1"]
[WhiteTitle "GM"]
[BlackTitle "GM"]
[WhiteElo "2380"]
[BlackElo "2524"]
[WhiteFideId "13600168"]
[BlackFideId "13601903"]
[EventDate "2020.06.22"]

1. e4 c5 2. Nf3 Nc6 3. d4 cxd4 4. Nxd4 Nf6 5. Nc3 d6 6. Bg5 e6 7. Qd2 a6 8.
O-O-O h6 9. Bh4 Nxe4 10. Nxe4 Qxh4 11. Qe3 d5 12. Nxc6 bxc6 13. Nc5 Bd6 14. g3
Qb4 15. Nd3 Qa5 16. Kb1 O-O 17. f4 Rb8 18. Be2 c5 19. Ne5 d4 20. Qd3 Bxe5 21.
fxe5 Bb7 22. Rhf1 Bd5 23. b3 Qc7 24. Bf3 Qxe5 25. Bxd5 Qxd5 26. Qxa6 Ra8 27. Qd3
Ra3 28. Kb2 Rfa8 29. Ra1 e5 30. Qf5 f6 31. g4 c4 32. h4 c3+ 33. Kb1 Qa5 34. g5
Rxa2 35. Qe6+ Kh8 0-1

[Event "Women's Speed Chess Q5"]
[Site "chess.com INT"]
[Date "2020.06.22"]
[Round "13"]
[White "Cholleti, Sahajasri"]
[Black "Morris-Suzuki, Sophie"]
[Result "0-1"]
[WhiteTitle "WIM"]
[BlackTitle "WFM"]
[WhiteElo "2235"]
[BlackElo "2043"]
[WhiteFideId "5045118"]
[BlackFideId "30922615"]
[EventDate "2020.06.22"]

1. d4 Nf6 2. Nc3 e6 3. Bf4 Bb4 4. e3 Nd5 5. Ne2 Nxf4 6. exf4 b6 7. a3 Be7 8. g3
Bb7 9. d5 O-O 10. Bg2 Re8 11. O-O Qc8 12. Re1 Bf8 13. Nd4 exd5 14. Rxe8 Qxe8 15.
Nxd5 Bxd5 16. Bxd5 c6 17. Bg2 d5 18. Qd2 Na6 19. Re1 Qd7 20. Qe2 Nc5 21. b4 Na4
22. c4 Rd8 23. cxd5 cxd5 24. Qc2 Rc8 25. Qf5 Qxf5 26. Nxf5 g6 27. Ne7+ Bxe7 28.
Rxe7 Rc1+ 29. Bf1 Ra1 30. Rxa7 Nc3 31. Kg2 Ra2 32. a4 Ne4 33. Bb5 Rxf2+ 34. Kg1
Rb2 35. Bc6 Nc3 36. b5 d4 37. Rd7 Ra2 38. Rxd4 Ne2+ 39. Kf1 Nxd4 0-1

[Event "Women's Speed Chess Q5"]
[Site "chess.com INT"]
[Date "2020.06.22"]
[Round "13"]
[White "Shvedova, Alexandra"]
[Black "Klinova, Masha"]
[Result "0-1"]
[WhiteTitle "WFM"]
[BlackTitle "IM"]
[WhiteElo "1994"]
[BlackElo "2275"]
[WhiteFideId "54154782"]
[BlackFideId "2802015"]
[EventDate "2020.06.22"]

1. e4 d6 2. d4 Nf6 3. Nc3 g6 4. f4 Bg7 5. Nf3 c5 6. dxc5 Qa5 7. Bd3 Qxc5 8. Qe2
O-O 9. Be3 Qa5 10. O-O Bg4 11. h3 Bxf3 12. Qxf3 Nc6 13. a3 a6 14. Rad1 Rac8 15.
Bc4 Nd7 16. Bb3 Nc5 17. Nd5 e6 18. Nc3 Nxb3 19. cxb3 Qc7 20. Rc1 Qe7 21. Rfd1
Rfd8 22. Na4 b5 23. Nc3 Qb7 24. Ne2 Na5 25. Nd4 e5 26. Ne2 Rxc1 27. Bxc1 Qc6 28.
fxe5 Bxe5 29. Bf4 Re8 30. Bxe5 dxe5 31. Rf1 Qe6 32. Nc3 Nxb3 33. Nd5 Nd2 34.
Nf6+ Kf8 35. Nxh7+ Kg7 36. Qe2 Nxf1 37. Qxf1 Kxh7 38. Qf2 Kg7 39. Qe3 Rc8 40.
Kh2 Rc4 41. Qd3 Rd4 42. Qe3 Qc6 43. Qg5 Qxe4 0-1

[Event "Women's Speed Chess Q5"]
[Site "chess.com INT"]
[Date "2020.06.22"]
[Round "13"]
[White "Skuhala, Barbara"]
[Black "Munkhzul, Davaakhuu"]
[Result "1-0"]
[WhiteTitle "WFM"]
[BlackTitle "WFM"]
[WhiteElo "2095"]
[BlackElo "1991"]
[WhiteFideId "14605465"]
[BlackFideId "4902815"]
[EventDate "2020.06.22"]

1. e4 e5 2. Nf3 Nc6 3. d4 exd4 4. Nxd4 Nf6 5. Nxc6 bxc6 6. Bd3 d5 7. exd5 cxd5
8. c4 dxc4 9. Bxc4 Qxd1+ 10. Kxd1 Be7 11. Re1 Bf5 12. Bd2 Rd8 13. Kc1 Ne4 14. f3
Nd6 15. Bb3 c5 16. Nc3 c4 17. Ba4+ Bd7 18. Bxd7+ Rxd7 19. Nd5 Nf5 20. Nxe7 Rxe7
21. Kc2 Rxe1 22. Rxe1+ Kd7 23. Kc3 Rc8 24. g4 Nd6 25. a4 Rb8 26. Kc2 Rb3 27. Bc3
f6 28. Rd1 Rb8 29. h4 Re8 30. Bb4 Re2+ 31. Kc1 Re6 32. f4 f5 33. gxf5 Rf6 34.
Kc2 Kc6 35. Bxd6 Rxd6 36. Rxd6+ Kxd6 37. Kc3 Kc5 38. h5 h6 39. a5 a6 40. f6 gxf6
41. f5 Kd5 42. Kb4 Kd4 43. Ka3 Ke5 44. Kb4 Kxf5 45. Kxc4 Ke5 46. b4 f5 47. b5
axb5+ 48. Kc5 f4 49. a6 f3 50. a7 f2 51. a8=Q 1-0

[Event "Women's Speed Chess Q5"]
[Site "chess.com INT"]
[Date "2020.06.22"]
[Round "13"]
[White "Sedina, Elena"]
[Black "Matveeva, Olga"]
[Result "0-1"]
[WhiteTitle "IM"]
[BlackTitle "WIM"]
[WhiteElo "2299"]
[BlackElo "2171"]
[WhiteFideId "812153"]
[BlackFideId "24107018"]
[EventDate "2020.06.22"]

1. e4 e6 2. d4 d5 3. e5 c5 4. c3 Qb6 5. Nf3 Nc6 6. Be2 Nge7 7. dxc5 Qxc5 8. Bf4
Ng6 9. Bg3 Be7 10. O-O h5 11. h3 h4 12. Bh2 Bd7 13. Nbd2 Qb6 14. Bd3 Rh6 15. b4
Rc8 16. a4 Qc7 17. Re1 Kf8 18. Qe2 Kg8 19. Nb3 Nd8 20. Rec1 Bc6 21. Nbd4 Bd7 22.
Qd2 Nc6 23. Nb5 Qb8 24. c4 Ngxe5 25. Nxe5 Nxe5 26. Re1 f6 27. cxd5 exd5 28. Nd4
Bd6 29. Kh1 Nxd3 30. Qxd3 Bxh2 31. Re7 Bc6 32. Qe3 Be5 33. Nf5 Rg6 34. Re1 Re8
35. Rxe8+ Qxe8 36. f4 Qd7 0-1

[Event "Women's Speed Chess Q5"]
[Site "chess.com INT"]
[Date "2020.06.22"]
[Round "13"]
[White "Zakirova, Aisha"]
[Black "Kiran, Manisha Mohanty"]
[Result "0-1"]
[WhiteTitle "WCM"]
[BlackTitle "WGM"]
[WhiteElo "1585"]
[BlackElo "2168"]
[WhiteFideId "13719734"]
[BlackFideId "5019575"]
[EventDate "2020.06.22"]

1. d4 Nf6 2. c4 g6 3. Nc3 d5 4. e3 Bg7 5. Qb3 dxc4 6. Bxc4 O-O 7. Nf3 c6 8. O-O
b5 9. Be2 a5 10. a3 Bf5 11. Ne5 Nfd7 12. Rd1 Nxe5 13. dxe5 Qc7 14. f4 a4 15. Qa2
Na6 16. e4 Be6 17. Qb1 Nc5 18. f5 Bb3 19. Rf1 Bxe5 20. Be3 Bxh2+ 21. Kh1 Na6 22.
Bh6 Rfe8 23. fxg6 hxg6 24. Qc1 Kh7 25. Qg5 Rh8 26. Bd1 f6 27. Qh4 Bg3 28. Qh3
Kg8 29. Bxb3+ axb3 30. Qe6+ Kh7 31. Qh3 g5 32. e5 Bxe5 33. Ne4 Qc8 34. Rf5 Kg6
35. Raf1 Rxh6 36. Rxg5+ fxg5 0-1

[Event "Women's Speed Chess Q5"]
[Site "chess.com INT"]
[Date "2020.06.22"]
[Round "13"]
[White "Koridze, Lile"]
[Black "Gaponenko, Inna"]
[Result "0-1"]
[WhiteTitle "WFM"]
[BlackTitle "IM"]
[WhiteElo "1996"]
[BlackElo "2396"]
[WhiteFideId "13612514"]
[BlackFideId "14101181"]
[EventDate "2020.06.22"]

1. d4 g6 2. c4 Bg7 3. Nc3 d6 4. e4 Nc6 5. Nf3 Bg4 6. d5 Nd4 7. Be2 Bxf3 8. Bxf3
c5 9. O-O e5 10. Qa4+ Qd7 11. Nb5 Kf8 12. Bd1 Nf6 13. f4 Nxe4 14. Nxd4 Qxa4 15.
Ne6+ fxe6 16. Bxa4 Ke7 17. Re1 exd5 18. cxd5 Nf6 19. fxe5 dxe5 20. Rxe5+ Kf7 21.
Bb3 Rhd8 22. Bg5 Kg8 23. Rf1 Rd6 24. Re6 Ne8 25. Be7 Rxe6 26. dxe6 Rc8 27. Rf7
c4 28. Bc2 Nc7 29. Bd6 Nxe6 30. Rxb7 Rd8 31. Be7 Rd2 32. Be4 Rxb2 33. Rxa7 Bd4+
34. Kf1 Bxa7 0-1

[Event "Women's Speed Chess Q5"]
[Site "chess.com INT"]
[Date "2020.06.22"]
[Round "13"]
[White "Muminova, Nafisa"]
[Black "Cori T., Deysi"]
[Result "0-1"]
[WhiteTitle "WGM"]
[BlackTitle "WGM"]
[WhiteElo "2274"]
[BlackElo "2388"]
[WhiteFideId "14201526"]
[BlackFideId "3801934"]
[EventDate "2020.06.22"]

1. d4 Nf6 2. Nc3 g6 3. e4 d6 4. Nf3 Bg7 5. Be2 O-O 6. O-O c6 7. h3 b5 8. a3 a5
9. Bf4 Bb7 10. e5 dxe5 11. Nxe5 b4 12. Na4 Nbd7 13. Bf3 Nxe5 14. Bxe5 Nd7 15.
Bxg7 Kxg7 16. Qd2 Rb8 17. Rfe1 e6 18. axb4 axb4 19. Qxb4 c5 20. dxc5 Bxf3 21.
Qc3+ Qf6 22. Qxf3 Qxf3 23. gxf3 Rfc8 24. c3 Nxc5 25. Nxc5 Rxc5 26. Re2 Rf5 27.
Ra7 Rxf3 28. Kg2 Rf4 29. b4 Kf6 30. Rc7 Rb5 31. Re3 h5 32. Rf3 Rg5+ 33. Rg3 Rgf5
34. b5 Rxf2+ 35. Kh1 Rb2 36. c4 Rg5 37. Rxg5 Kxg5 38. Rxf7 Rb4 39. Rc7 Kf4 40.
Rc6 Kg3 41. Rxe6 Rb1+ 0-1

[Event "Women's Speed Chess Q5"]
[Site "chess.com INT"]
[Date "2020.06.22"]
[Round "13"]
[White "Fataliyeva, Ulviyya"]
[Black "Sowa, Wiktoria"]
[Result "1-0"]
[WhiteTitle "WGM"]
[BlackTitle "WFM"]
[WhiteElo "2301"]
[BlackElo "2093"]
[WhiteFideId "13403052"]
[BlackFideId "21836701"]
[EventDate "2020.06.22"]

1. e4 Nf6 2. Nc3 d6 3. d4 c6 4. h3 g6 5. Be3 Bg7 6. f4 Qa5 7. Bd3 e5 8. Nf3 exd4
9. Bxd4 O-O 10. O-O Nbd7 11. a3 b5 12. b4 Qc7 13. Rb1 Bb7 14. Kh1 a6 15. Bf2 c5
16. bxc5 dxc5 17. e5 Nh5 18. Be4 Nxf4 19. Bg3 Ne6 20. Nd5 Bxd5 21. Bxd5 Rad8 22.
Qe2 Nb6 23. Bxe6 fxe6 24. Ng5 Qc6 25. Qg4 Rf5 26. Rbd1 Rxd1 27. Rxd1 Nd5 28. Qh4
h6 29. Nxe6 Qxe6 30. Qd8+ Kh7 31. Rxd5 Rf1+ 32. Kh2 Rf8 33. Qd6 Qf5 34. e6 Qxc2
35. e7 Re8 36. Qd7 Rxe7 37. Qxe7 Qc4 38. Rd7 Qc3 39. Be5 Qxe5+ 40. Qxe5 c4 41.
Qxg7# 1-0

[Event "Women's Speed Chess Q5"]
[Site "chess.com INT"]
[Date "2020.06.22"]
[Round "13"]
[White "Gokbulut, Julia"]
[Black "Mikheeva, Galina"]
[Result "1-0"]
[WhiteTitle "WFM"]
[BlackTitle "WFM"]
[WhiteElo "1970"]
[BlackElo "1901"]
[WhiteFideId "4153979"]
[BlackFideId "44108320"]
[EventDate "2020.06.22"]

1. d4 Nf6 2. c4 e6 3. Nc3 d5 4. Nf3 Bb4 5. Qa4+ Nc6 6. Qc2 dxc4 7. e3 b5 8. a3
Ba5 9. Bd2 Bxc3 10. Bxc3 a6 11. e4 Bb7 12. Be2 O-O 13. O-O Ne7 14. e5 Nfd5 15.
a4 Nf4 16. Rfd1 Ned5 17. Bf1 f6 18. Bd2 fxe5 19. dxe5 Qe7 20. axb5 axb5 21. Rxa8
Rxa8 22. b3 cxb3 23. Qxb3 Ng6 24. Qxb5 c5 25. Bg5 Qf7 26. Rb1 Ra7 27. Qxc5 Ra8
28. Bb5 Ndf4 29. Bxf4 Qxf4 30. Bc6 Bxc6 31. Qxc6 Rf8 32. Qxe6+ Kh8 33. h3 Qe4
34. Re1 Qb4 35. Qd6 Qa5 36. Rd1 Nf4 37. e6 1-0

[Event "Women's Speed Chess Q5"]
[Site "chess.com INT"]
[Date "2020.06.22"]
[Round "13"]
[White "Danielian, Elina"]
[Black "Charochkina, Daria"]
[Result "0-1"]
[WhiteTitle "GM"]
[BlackTitle "IM"]
[WhiteElo "2407"]
[BlackElo "2356"]
[WhiteFideId "13300210"]
[BlackFideId "4180917"]
[EventDate "2020.06.22"]

1. d4 f5 2. Nc3 Nf6 3. Bg5 c6 4. Bxf6 exf6 5. e3 Qb6 6. Bd3 d5 7. Rb1 Na6 8. a3
Nc7 9. h4 g6 10. h5 g5 11. Qf3 f4 12. exf4 g4 13. Qe3+ Kf7 14. Nge2 Bd7 15. f5
Re8 16. Qf4 Rg8 17. O-O c5 18. dxc5 Bxc5 19. b4 Bd6 20. Qd4 Qxd4 21. Nxd4 Be5
22. Nce2 Rg5 23. g3 Rxh5 24. Kg2 a6 25. Rh1 Rxh1 26. Rxh1 Rh8 27. f4 gxf3+ 28.
Kxf3 Nb5 29. Bxb5 axb5 30. c3 Kg7 31. Nf4 Rc8 32. Nde6+ Bxe6 33. Nxe6+ Kg8 34.
Nc5 b6 35. Nd7 Rxc3+ 36. Ke2 Rxg3 37. Nxb6 d4 38. Rc1 Rxa3 39. Rc8+ Kg7 40. Nd5
h5 41. Rc5 h4 42. Rxb5 h3 43. Rb7+ Kh6 44. Ne7 h2 45. Ng8+ Kg5 46. Rh7 Ra1 47.
Ne7 h1=Q 48. Rxh1 Rxh1 0-1

[Event "Women's Speed Chess Q5"]
[Site "chess.com INT"]
[Date "2020.06.22"]
[Round "13"]
[White "Vargas, Gabriela"]
[Black "Karnaukhova, Elmira"]
[Result "0-1"]
[WhiteTitle "WIM"]
[BlackTitle "WGM"]
[WhiteElo "2170"]
[BlackElo "2319"]
[WhiteFideId "3700860"]
[BlackFideId "4148827"]
[EventDate "2020.06.22"]

1. d4 Nf6 2. Nf3 c5 3. d5 b5 4. Bg5 d6 5. a4 b4 6. Nbd2 Nxd5 7. e4 Nf6 8. Bb5+
Bd7 9. O-O Bxb5 10. axb5 Nbd7 11. Re1 e5 12. Nc4 Nb6 13. Ne3 Be7 14. Nf5 O-O 15.
Bxf6 Bxf6 16. Qxd6 Qxd6 17. Nxd6 Rfd8 18. Nf5 Rd7 19. Red1 Rad8 20. Rxd7 Rxd7
21. Kf1 Nc4 22. b3 Na3 23. Ke2 Nxb5 24. Ra5 Nc3+ 25. Ke3 g6 26. Nh6+ Kg7 27. Ng4
Bd8 28. Ngxe5 Re7 29. Ra6 Bb6 30. Nd2 Rxe5 31. f4 Re7 32. e5 c4+ 33. Kf3 cxb3
34. cxb3 Rd7 35. Nc4 Rd3+ 36. Kg4 h5+ 37. Kh4 Bd8+ 0-1

[Event "Women's Speed Chess Q5"]
[Site "chess.com INT"]
[Date "2020.06.22"]
[Round "13"]
[White "Osmak, Iulija"]
[Black "Zhuravleva, Olga"]
[Result "1-0"]
[WhiteTitle "IM"]
[BlackTitle "WIM"]
[WhiteElo "2438"]
[BlackElo "2278"]
[WhiteFideId "14101602"]
[BlackFideId "4145933"]
[EventDate "2020.06.22"]

1. b4 d6 2. Bb2 e5 3. e3 a6 4. Nf3 Nc6 5. a3 Nf6 6. c4 g6 7. d4 exd4 8. Nxd4
Nxd4 9. Bxd4 Bg7 10. Be2 O-O 11. O-O Be6 12. Nc3 Re8 13. c5 d5 14. Bf3 c6 15. h3
Bf5 16. a4 Ne4 17. Nxe4 Bxe4 18. Be2 Qg5 19. f3 Bf5 20. f4 Qe7 21. Ra3 Be4 22.
Bxg7 Kxg7 23. Qd4+ Qf6 24. Qxf6+ Kxf6 25. Kf2 d4 26. exd4 Bxg2 27. Rd1 Bd5 28.
Bf3 Bxf3 29. Kxf3 Rad8 30. b5 axb5 31. axb5 cxb5 32. Rb3 Ra8 33. Rxb5 Ra3+ 34.
Kg4 Ree3 35. Rb6+ Kg7 36. f5 Rg3+ 37. Kf4 Raf3+ 38. Ke4 Rxf5 39. Rxb7 Rxh3 40.
Re1 Rh4+ 41. Kd3 Rd5 42. Re4 Rxe4 43. Kxe4 Rd8 44. d5 Kf8 45. d6 h5 46. Kd5 h4
47. c6 h3 48. c7 Ra8 49. Rb8+ Kg7 50. Rxa8 h2 51. Ra1 1-0

[Event "Women's Speed Chess Q5"]
[Site "chess.com INT"]
[Date "2020.06.22"]
[Round "13"]
[White "Martsynovskaya, Marina"]
[Black "Doluhanova, Evgeniya"]
[Result "0-1"]
[WhiteTitle "WIM"]
[BlackTitle "WGM"]
[WhiteElo "2046"]
[BlackElo "2229"]
[WhiteFideId "609218"]
[BlackFideId "14112035"]
[EventDate "2020.06.22"]

1. e4 c5 2. Nc3 Nc6 3. g3 g6 4. Bg2 Bg7 5. d3 Rb8 6. Be3 d6 7. Qd2 Nf6 8. h3 O-O
9. f4 b5 10. Nge2 b4 11. Nd1 Nd7 12. g4 Bb7 13. f5 a5 14. Bh6 e6 15. Bxg7 Qh4+
16. Kf1 Kxg7 17. Ne3 Nd4 18. c3 Nxe2 19. Qxe2 bxc3 20. bxc3 Ne5 21. c4 Bc6 22.
Nd1 Qg3 23. Nf2 exf5 24. gxf5 gxf5 25. Rg1 Kh8 26. exf5 Bxg2+ 27. Rxg2 Qf4 28.
Qe4 Qd2 29. Rd1 Qc2 30. d4 Qxc4+ 31. Qe2 Qxe2+ 32. Kxe2 Rb2+ 33. Kf1 cxd4 34.
Rxd4 Rb1+ 35. Ke2 Re8 36. Ne4 Nc6 37. Ra4 d5 38. Kd3 dxe4+ 39. Kc4 Rb4+ 40. Rxb4
Nxb4 41. a3 Nd3 42. Kb5 e3 43. Re2 Nf4 44. Re1 e2 45. Kxa5 Nd3 0-1

[Event "Women's Speed Chess Q5"]
[Site "chess.com INT"]
[Date "2020.06.22"]
[Round "13"]
[White "Zhukova, Natalia"]
[Black "Jakubowska, Anna"]
[Result "1-0"]
[WhiteTitle "GM"]
[BlackTitle "WIM"]
[WhiteElo "2328"]
[BlackElo "2073"]
[WhiteFideId "14101513"]
[BlackFideId "1121952"]
[EventDate "2020.06.22"]

1. c4 e5 2. Nc3 Nc6 3. Nf3 g6 4. d4 Bg7 5. d5 Nb8 6. e4 d6 7. Be2 Ne7 8. O-O O-O
9. Ne1 f5 10. f4 exf4 11. Bxf4 Bxc3 12. bxc3 fxe4 13. Nc2 Nf5 14. Nd4 Na6 15. g4
Ng7 16. Qd2 Nc5 17. Bg5 Rxf1+ 18. Rxf1 Qe8 19. Nb5 e3 20. Qd4 Qe5 21. Qxe5 dxe5
22. Nxc7 Rb8 23. Bxe3 b6 24. Bg5 Ne4 25. Be7 Bd7 26. Re1 Nxc3 27. Bf1 Rc8 28. d6
Bxg4 29. Rxe5 Nf5 30. h3 Nxd6 31. Bxd6 Bf5 32. c5 bxc5 33. Rxc5 Ne4 34. Bc4+ Kg7
35. Be5+ Kh6 36. Rc6 Nd2 37. Be2 Ne4 38. Bf4+ Kg7 39. Be5+ Kf8 40. Ra6 1-0

[Event "Women's Speed Chess Q5"]
[Site "chess.com INT"]
[Date "2020.06.22"]
[Round "13"]
[White "Berdychevskaya, Natasha"]
[Black "Chumpitaz, Ann"]
[Result "0-1"]
[WhiteTitle "WFM"]
[BlackTitle "WIM"]
[WhiteElo "2208"]
[BlackElo "2244"]
[WhiteFideId "4159322"]
[BlackFideId "3804178"]
[EventDate "2020.06.22"]

1. e4 c5 2. Nf3 e6 3. d4 cxd4 4. Nxd4 Nc6 5. Nb5 d6 6. c4 a6 7. N5a3 Nf6 8. Nc3
Be7 9. Be2 O-O 10. O-O b6 11. Be3 Rb8 12. Rc1 Bd7 13. f4 e5 14. f5 Nb4 15. Qb3
a5 16. Nab5 Bc6 17. Bf3 Qd7 18. Rfd1 Rfd8 19. Rd2 Qb7 20. Nd5 Nfxd5 21. exd5 Bd7
22. Be4 Be8 23. Kh1 Na6 24. Qd1 Nc5 25. Bb1 Bxb5 26. cxb5 Bf6 27. Qg4 Qd7 28.
Bg5 Bxg5 29. Qxg5 f6 30. Qg4 Qxb5 31. Qe4 Nxe4 32. Bxe4 Rbc8 33. Rcd1 Rc5 34.
Bf3 Rdc8 35. Be4 Qb4 36. Re2 Rc1 37. Ree1 Rxd1 38. Rxd1 Qxe4 39. h3 Qe2 0-1

[Event "Women's Speed Chess Q5"]
[Site "chess.com INT"]
[Date "2020.06.22"]
[Round "13"]
[White "Sargsyan, Anna M."]
[Black "Yu, Jennifer"]
[Result "1-0"]
[WhiteTitle "WGM"]
[BlackTitle "FM"]
[WhiteElo "2405"]
[BlackElo "2315"]
[WhiteFideId "13308130"]
[BlackFideId "2078341"]
[EventDate "2020.06.22"]

1. d4 d5 2. c4 e6 3. Nf3 Nf6 4. Nc3 a6 5. cxd5 exd5 6. Bg5 Be6 7. e3 c6 8. Bd3
Bd6 9. O-O Nbd7 10. Rc1 Qc7 11. h3 h6 12. Bxf6 Nxf6 13. Nh4 g5 14. Qf3 gxh4 15.
Qxf6 Rg8 16. Kh1 Be7 17. Qxh6 O-O-O 18. f4 Rh8 19. Qg7 Rdg8 20. Qe5 Bd6 21. Qf6
Be7 22. Qe5 Qd8 23. Bf5 Bd6 24. Bxe6+ Kb8 25. Qf5 fxe6 26. Qxe6 Re8 27. Qg4 Rxe3
28. Rf3 Rxf3 29. Qxf3 Rf8 30. Ne2 Qe7 31. Rf1 Qe6 32. Qg4 Qe3 33. Ng1 Be7 34. f5
Rf7 35. Qf4+ Qxf4 36. Rxf4 Bg5 37. Rg4 Rxf5 38. Nf3 Bc1 39. b3 Rf7 40. Rxh4 Re7
41. Rh8+ Ka7 42. h4 Re2 43. h5 Rxa2 44. h6 1-0

[Event "Women's Speed Chess Q5"]
[Site "chess.com INT"]
[Date "2020.06.22"]
[Round "13"]
[White "Grigoryan, Meri"]
[Black "Franco Valencia, Angela"]
[Result "1-0"]
[WhiteTitle "WFM"]
[BlackTitle "WIM"]
[WhiteElo "2044"]
[BlackElo "2089"]
[WhiteFideId "13300571"]
[BlackFideId "4403070"]
[EventDate "2020.06.22"]

1. d4 Nf6 2. Nf3 c5 3. c3 e6 4. Bg5 Be7 5. Bxf6 Bxf6 6. e4 b6 7. e5 Be7 8. Bd3
Bb7 9. O-O Nc6 10. Be4 d5 11. exd6 Bxd6 12. Na3 O-O 13. Nc4 Be7 14. d5 exd5 15.
Bxd5 Na5 16. Bxb7 Nxb7 17. Nce5 Bf6 18. Ng4 Be7 19. Re1 Re8 20. Qc2 Qc7 21. Re3
Bd6 22. Rae1 Qd7 23. Ng5 f5 24. Rd1 c4 25. Ne5 Rxe5 26. Rxe5 Rf8 27. Red5 Qe7
28. Nf3 Qf6 29. Qd2 Bc5 30. Rd7 Na5 31. Qd5+ Kh8 32. Rd8 h6 33. Rxf8+ Bxf8 34.
Ne5 Kh7 35. Nd7 Qe7 36. Qxf5+ Kg8 37. Nxf8 Qxf8 38. Qe6+ Kh8 39. Rd7 Qf4 40. g3
Qf3 41. Rd8+ Kh7 42. Qd5 Qg4 43. Rd7 1-0

[Event "Women's Speed Chess Q5"]
[Site "chess.com INT"]
[Date "2020.06.22"]
[Round "13"]
[White "Tereladze, Sopiko"]
[Black "Voit, Daria"]
[Result "0-1"]
[WhiteTitle "WIM"]
[BlackTitle "WGM"]
[WhiteElo "2141"]
[BlackElo "2343"]
[WhiteFideId "13600486"]
[BlackFideId "4182146"]
[EventDate "2020.06.22"]

1. d4 Nf6 2. Nf3 e6 3. Bf4 c5 4. c3 d5 5. e3 Nc6 6. Bd3 Bd6 7. Bxd6 Qxd6 8. O-O
O-O 9. Nbd2 Rd8 10. Re1 Qe7 11. Rf1 b6 12. Ne5 Nxe5 13. dxe5 Nd7 14. f4 c4 15.
Bc2 b5 16. Rf3 b4 17. Rh3 g6 18. Nf3 bxc3 19. bxc3 Qa3 20. Ng5 Nf8 21. Qc1 Qxc3
22. Nxh7 Nxh7 23. Rxh7 d4 24. Rh3 d3 25. Ba4 Qxc1+ 26. Rxc1 Ba6 27. e4 Rac8 28.
Rc3 Rb8 29. Rf3 Rb2 30. Rf2 Rb1+ 31. Rf1 Rb4 32. Bd1 Rb2 33. Rf2 Rdb8 34. Kf1
Rxf2+ 35. Kxf2 Rb2+ 36. Ke3 Rxa2 37. Bf3 Bb5 38. h4 a6 39. f5 Kg7 40. f6+ Kh7
41. g4 Rh2 42. h5 gxh5 43. gxh5 Kh6 44. Kf4 Rc2 45. Ra3 d2 46. Bd1 Rc1 0-1

[Event "Women's Speed Chess Q5"]
[Site "chess.com INT"]
[Date "2020.06.22"]
[Round "13"]
[White "Ramirez, Maria Eugenia"]
[Black "Xu, Yuanyuan"]
[Result "0-1"]
[WhiteTitle "WFM"]
[BlackTitle "WGM"]
[WhiteElo "2057"]
[BlackElo "2317"]
[WhiteFideId "3301680"]
[BlackFideId "8601089"]
[EventDate "2020.06.22"]

1. e4 c6 2. d4 d5 3. exd5 cxd5 4. c4 Nf6 5. Nf3 Nc6 6. Nc3 g6 7. cxd5 Nxd5 8.
Bc4 Nxc3 9. bxc3 Bg7 10. O-O O-O 11. h3 Bf5 12. Re1 Rc8 13. Bd3 Bxd3 14. Qxd3
Qd7 15. Rb1 Rfd8 16. Qb5 b6 17. Bg5 h6 18. Bh4 g5 19. Bg3 Na5 20. Qb4 e6 21. Ne5
Qd5 22. Qe7 Rf8 23. Qxa7 Rxc3 24. Rxb6 Qxd4 25. Qxa5 Rxg3 26. Nf3 Rxf3 27. gxf3
Qf4 28. Kg2 Bd4 29. Rb4 Qd2 30. Rf1 Bc3 31. a3 Bxb4 32. Qxb4 Qa2 33. Qe7 Ra8 34.
h4 Qxa3 35. Qf6 Qf8 36. hxg5 hxg5 37. Rh1 Qg7 38. Qe7 Rf8 39. Rh5 f6 40. Qxe6+
Qf7 41. Qg4 Kg7 42. Qh3 Qg6 0-1

[Event "Women's Speed Chess Q5"]
[Site "chess.com INT"]
[Date "2020.06.22"]
[Round "13"]
[White "Foisor, Sabina-Francesca"]
[Black "Vantika, Agrawal"]
[Result "1-0"]
[WhiteTitle "WGM"]
[BlackTitle "WIM"]
[WhiteElo "2228"]
[BlackElo "2286"]
[WhiteFideId "1212915"]
[BlackFideId "25050389"]
[EventDate "2020.06.22"]

1. d4 Nf6 2. c4 g6 3. Nf3 Bg7 4. g3 O-O 5. Bg2 d6 6. O-O Nc6 7. Nc3 e5 8. d5 Nb8
9. b4 a5 10. Qb3 axb4 11. Qxb4 Na6 12. Qb3 Nc5 13. Qd1 Nfe4 14. Nxe4 Nxe4 15.
Bb2 f5 16. Nd2 Nc5 17. Nb3 Na4 18. Rb1 Nxb2 19. Rxb2 b6 20. e3 f4 21. Rc2 Qf6
22. exf4 exf4 23. f3 Bf5 24. Re2 fxg3 25. hxg3 Ra4 26. g4 Bd7 27. Qd3 Rfa8 28.
Rff2 g5 29. Rc2 h6 30. Bf1 Rf8 31. Kg2 Be8 32. Qd2 Bd7 33. Bd3 Raa8 34. Rc1 Rae8
35. Re1 Rxe1 36. Qxe1 Re8 37. Qd2 Qf4 38. Qxf4 gxf4 39. Re2 Re3 40. Rxe3 fxe3
41. Kf1 Be5 42. Ke2 Bf4 43. Be4 Kg7 44. Nc1 Kf6 45. Nd3 Kg5 46. Nb4 Be8 47. Na6
Ba4 48. Nxc7 Kh4 49. Ne6 Kg3 50. Ng7 Bd7 51. Nh5+ 1-0